Mosby's review questions for the NCLEX-RN examination. (Record no. 276371)
[ view plain ]
| 000 -LEADER | |
|---|---|
| fixed length control field | 00285nam a2200109 a 4500 |
| 005 - DATE AND TIME OF LATEST TRANSACTION | |
| control field | 20141022142003.0 |
| 008 - FIXED-LENGTH DATA ELEMENTS--GENERAL INFORMATION | |
| fixed length control field | 120307s19uu xx 00 eng d |
| 050 ## - LIBRARY OF CONGRESS CALL NUMBER | |
| Classification number | CD-ROM |
| Item number | M85 2004 |
| 245 ## - TITLE STATEMENT | |
| Title | Mosby's review questions for the NCLEX-RN examination. |
| 260 ## - PUBLICATION, DISTRIBUTION, ETC. (IMPRINT) | |
| Date of publication, distribution, etc | 2004. |
| 942 ## - ADDED ENTRY ELEMENTS (KOHA) | |
| Koha item type | Audio Visual Materials |
| Withdrawn status | Lost status | Damaged status | Home library | Current library | Shelving location | Date acquired | Total Checkouts | Full call number | Barcode | Date last seen | Price effective from | Koha item type |
|---|---|---|---|---|---|---|---|---|---|---|---|---|
| College Library | College Library | Audio Visual Material Section | 03/07/2012 | CD-ROM M85 2004 | NUR0066 | 04/12/2014 | 04/12/2014 | Audio Visual Materials |